LEADER 01503nam 2200361 n 450 001 996384001103316 005 20200824132448.0 035 $a(CKB)1000000000592354 035 $a(EEBO)2240868614 035 $a(UnM)99859747e 035 $a(UnM)99859747 035 $a(EXLCZ)991000000000592354 100 $a19860116d1641 uy | 101 0 $aeng 135 $aurbn||||a|bb| 200 12$aA speech made by Captaine Audley Mervin to the Vpper House of Parliament in Ireland, March 4. 1640$b[electronic resource] $eTogether with certaine articles (of high treason) against Sir Richard Bolton Lord Chancellor, John Lord Bishop of Derrie, Sir Gerard Lowther, Lord chiefe Justice of the Common-Pleas, and Sir George Radcliffe Knight. Unto which is added an humble and just remonstrance of the Parliament 210 $a[London] $cPrinted for Hugh Perry$dAnno Dom. 1641 215 $a[2], 14 p 300 $aReproduction of original in Thomason Collection, British Library. 330 $aeebo-0018 606 $aTreason$zGreat Britain$vEarly works to 1800 607 $aIreland$xHistory$y1625-1649 615 0$aTreason 700 $aMervyn$b Audley$cSir,$fd. 1675.$01004371 712 02$aIreland.$bParliament. 801 0$bCu-RivES 801 1$bCu-RivES 801 2$bCStRLIN 801 2$bWaOLN 906 $aBOOK 912 $a996384001103316 996 $aA speech made by Captaine Audley Mervin to the Vpper House of Parliament in Ireland, March 4. 1640$92307040 997 $aUNISA LEADER 01716oam 2200445M 450 001 9910716291003321 005 20200213071002.2 035 $a(CKB)5470000002519211 035 $a(OCoLC)1065633698 035 $a(OCoLC)995470000002519211 035 $a(EXLCZ)995470000002519211 100 $a20071213d1926 ua 0 101 0 $aeng 135 $aurcn||||||||| 181 $ctxt$2rdacontent 182 $cc$2rdamedia 183 $acr$2rdacarrier 200 10$aUse of funds of any tribe of Indians for payment in insurance. March 11, 1926. -- Committed to the Committee of the Whole House on the State of the Union and ordered to be printed 210 1$a[Washington, D.C.] :$c[U.S. Government Printing Office],$d1926. 215 $a1 online resource (2 pages) 225 1 $aHouse report / 69th Congress, 1st session. House ;$vno. 511 225 1 $a[United States congressional serial set ] ;$v[serial no. 8532] 300 $aBatch processed record: Metadata reviewed, not verified. Some fields updated by batch processes. 300 $aFDLP item number not assigned. 606 $aInsurance 606 $aTribal trust funds 608 $aLegislative materials.$2lcgft 615 0$aInsurance. 615 0$aTribal trust funds. 701 $aLeavitt$b Scott$f1879-1966$pRepublican (MT)$01388436 801 0$bWYU 801 1$bWYU 801 2$bOCLCO 801 2$bOCLCQ 801 2$bOCLCO 801 2$bOCLCQ 906 $aBOOK 912 $a9910716291003321 996 $aUse of funds of any tribe of Indians for payment in insurance. March 11, 1926. -- Committed to the Committee of the Whole House on the State of the Union and ordered to be printed$93483362 997 $aUNINA